[Event "Chigorin mem op"]
[Site "St Petersburg"]
[Date "2000.10.31"]
[Round "1"]
[White "Kazantsev, Valentin"]
[Black "Doroshkievich, Vladimir K"]
[Result "0-1"]
[WhiteElo "2112"]
[BlackElo "2414"]
[PlyCount "136"]
[EventDate "2000.10.31"]
[Source "www.chesslib.no"]
[SourceDate "2004.05.04"]

1. e4 c5 2. Nf3 d6 3. d4 cxd4 4. Qxd4 Nc6 5. Bb5 Qd7 6. Nc3 a6 7. Bxc6 Qxc6 8. Be3 Bg4 9. O-O Bxf3 10. gxf3 Nf6 11. Rfd1 e6 12. f4 Be7 13. e5 dxe5 14. fxe5 Rd8 15. Qb6 Qxb6 16. Bxb6 Rxd1+ 17. Rxd1 Nd7 18. Bc7 f6 19. exf6 Nxf6 20. Bd6 Kf7 21. Bxe7 Kxe7 22. Rd4 Rc8 23. Kf1 Ne8 24. Rb4 Nd6 25. Ke2 Rc5 26. Rh4 h6 27. Kd3 Rf5 28. Nd1 Rd5+ 29. Ke2 Nf5 30. Rc4 Nd4+ 31. Ke3 Nxc2+ 32. Rxc2 Rxd1 33. Rc7+ Rd7 34. Rc8 Kd6 35. a3 Rc7 36. Rd8+ Ke5 37. Rb8 Kf5 38. Kf3 Kg5 39. Kg3 Rd7 40. Kg2 Kf4 41. Re8 e5 42. Re6 e4 43. Rb6 Rc7 44. Rb3 b5 45. Rb4 Rc4 46. Rb3 h5 47. h3 g5 48. Kg1 Rd4 49. Kg2 Rd3 50. Rb4 Ke5 51. Kh2 Rd2 52. Kg1 h4 53. Kf1 Kd5 54. Kg1 Rc2 55. Kf1 Rd2 56. Kg1 Rd4 57. Rb3 Rd3 58. Rb4 e3 59. fxe3 Rxe3 60. Kh2 Re4 61. Rb3 Kc5 62. Rc3+ Rc4 63. Rb3 Rc2+ 64. Kg1 a5 65. Rf3 Rxb2 66. Rf5+ Kc4 67. Rxg5 Rd2 68. a4 b4 0-1

[Event "AUT Ch"]
[Site "Austria"]
[Date "1996.??.??"]
[Round "7"]
[White "Dueckstein, Andreas"]
[Black "Muellneritsch, Anton"]
[Result "1-0"]
[WhiteElo "2340"]
[BlackElo "2180"]
[PlyCount "147"]
[EventDate "1996.??.??"]
[Source "www.chesslib.no"]
[SourceDate "2004.05.04"]

1. e4 c5 2. Nf3 d6 3. d4 cxd4 4. Qxd4 Nc6 5. Bb5 Qd7 6. Qa4 a6 7. Nc3 Rb8 8. Bxc6 bxc6 9. O-O e6 10. Rd1 c5 11. Qc4 Rb4 12. Qe2 Bb7 13. b3 Qc7 14. Ba3 Rb6 15. Na4 Rc6 16. c4 Ne7 17. Bb2 Ng6 18. Qe3 f6 19. Nc3 Be7 20. Ne2 O-O 21. Ne1 Re8 22. Qh3 Bf8 23. Nd3 Rb6 24. Nc3 Bc8 25. Re1 Qf7 26. Qg3 Ne5 27. f4 Nxd3 28. Qxd3 Qg6 29. Re3 Bb7 30. Rf1 f5 31. Qe2 Bc6 32. Rg3 Qf7 33. Qd3 Rbb8 34. Re1 Rbd8 35. exf5 exf5 36. Rge3 Rxe3 37. Rxe3 Re8 38. Rxe8 Qxe8 39. Kf2 Qg6 40. Nd5 Qf7 41. a3 Bxd5 42. cxd5 Qb7 43. Ke1 Qc8 44. Kd2 Kf7 45. Kc2 Be7 46. Qh3 Kg8 47. Qe3 Bf6 48. Bxf6 gxf6 49. Qe7 Qf8 50. Qe6+ Kg7 51. Qxf5 Qe7 52. Kd2 Qb7 53. Kc3 Qb5 54. Qg4+ Kf8 55. Qe6 Qa5+ 56. Kc2 Qxa3 57. Qxf6+ Kg8 58. Qd8+ Kg7 59. Qd7+ Kg8 60. Qa4 Qxa4 61. bxa4 Kf7 62. g4 Kf6 63. Kd3 h6 64. Ke4 Kg6 65. f5+ Kf6 66. h4 Kg7 67. g5 Kh7 68. f6 Kg6 69. Kf4 Kf7 70. Kf5 Kg8 71. g6 Kf8 72. Ke6 c4 73. g7+ Kg8 74. Ke7 1-0

[Event "BL2-Sued 8586"]
[Site "GER"]
[Date "1986.??.??"]
[Round "?"]
[White "Mandl, Robert"]
[Black "Hottes, Dieter"]
[Result "0-1"]
[WhiteElo "2280"]
[BlackElo "2240"]
[PlyCount "62"]
[EventDate "1985.10.??"]
[Source "www.chesslib.no"]
[SourceDate "2004.05.04"]

1. e4 c5 2. Nf3 d6 3. d4 cxd4 4. Qxd4 Nc6 5. Bb5 Qd7 6. Qd3 a6 7. Ba4 b5 8. Bb3 Nf6 9. a4 b4 10. Nbd2 Na5 11. Bxf7+ Kxf7 12. e5 Qf5 13. exf6 Qxd3 14. Ng5+ Kg6 15. cxd3 gxf6 16. Nge4 Bb7 17. b3 Rc8 18. f4 f5 19. Bb2 Rg8 20. Ng5 h6 21. Ngf3 Kf7 22. Nd4 Rxg2 23. Rf1 Bg7 24. Rf2 Rxf2 25. Kxf2 Bxd4+ 26. Bxd4 Rc2 27. Ke3 e5 28. Bb6 exf4+ 29. Kxf4 Rxd2 30. Ke3 Nxb3 31. Rb1 f4+ 0-1

[Event "Nassau CC Ch"]
[Site "Long Island"]
[Date "1989.??.??"]
[Round "9"]
[White "Reichman, Andre"]
[Black "Braun, Leslie"]
[Result "1/2-1/2"]
[WhiteElo "2235"]
[BlackElo "2285"]
[PlyCount "28"]
[EventDate "1989.??.??"]
[Source "www.chesslib.no"]
[SourceDate "2004.05.04"]

1. e4 c5 2. Nf3 d6 3. d4 cxd4 4. Qxd4 Nc6 5. Bb5 Qd7 6. Qa4 a6 7. Nc3 e6 8. Be3 Rb8 9. Bxc6 bxc6 10. O-O Ne7 11. Rfd1 Ng6 12. Qa5 Be7 13. b3 O-O 14. Na4 e5 1/2-1/2

[Event "Bad Woerishofen Open"]
[Site "Bad Woerishofen GER"]
[Date "1988.??.??"]
[Round "7"]
[White "Meier, Volker"]
[Black "Spiriev, Peter"]
[Result "1-0"]
[WhiteElo "2295"]
[BlackElo "2220"]
[PlyCount "40"]
[EventDate "1988.02.??"]
[Source "www.chesslib.no"]
[SourceDate "2004.05.04"]

1. e4 c5 2. Nf3 d6 3. d4 cxd4 4. Qxd4 Nc6 5. Bb5 Qd7 6. Qd3 e5 7. c4 a6 8. Ba4 f5 9. Nc3 fxe4 10. Nxe4 Nf6 11. Bg5 Be7 12. Rd1 Nxe4 13. Qxe4 O-O 14. c5 d5 15. Rxd5 Qc7 16. Bxc6 bxc6 17. Rxe5 Qa5+ 18. b4 Qxa2 19. O-O Bxg5 20. Nxg5 g6 1-0

[Event "Luzern ol (Men)"]
[Site "Lucerne SUI"]
[Date "1982.??.??"]
[Round "12"]
[White "Swanson, Stephen"]
[Black "Abarca Aguirre, Manuel"]
[Result "1-0"]
[WhiteElo "2240"]
[BlackElo "2270"]
[PlyCount "89"]
[EventDate "1982.10.??"]
[Source "www.chesslib.no"]
[SourceDate "2004.05.04"]

1. e4 c5 2. Nf3 d6 3. d4 cxd4 4. Qxd4 Nc6 5. Bb5 Qd7 6. c4 Nxd4 7. Nxd4 Nf6 8. Nc3 a6 9. Bxd7+ Bxd7 10. b3 g6 11. f3 Bg7 12. Be3 O-O 13. O-O Rfc8 14. a4 e6 15. Rac1 Be8 16. Rfd1 Nd7 17. Nde2 Nc5 18. Rb1 Rc6 19. f4 Rac8 20. Bxc5 dxc5 21. e5 f5 22. exf6 Bxf6 23. Ne4 Be7 24. N2c3 Rd8 25. Rxd8 Bxd8 26. Rd1 Be7 27. Rd3 Rc7 28. g3 Rd7 29. Rxd7 Bxd7 30. Kf2 Bc6 31. Ke3 Kf7 32. Nd1 b6 33. Ndf2 Bf6 34. Ng4 Bd4+ 35. Kd3 h5 36. Ng5+ Ke7 37. Ne5 Bxe5 38. fxe5 Bg2 39. Ne4 Bxe4+ 40. Kxe4 Kf7 41. Kf4 Kg8 42. Kg5 Kg7 43. h3 h4 44. gxh4 a5 45. h5 1-0

[Event "EU-ch U20"]
[Site "Tallinn"]
[Date "1997.09.11"]
[Round "2"]
[White "Jakupovic, Neven"]
[Black "Dumitrescu, Dragos"]
[Result "1/2-1/2"]
[WhiteElo "2090"]
[BlackElo "2410"]
[PlyCount "111"]
[EventDate "1997.09.10"]
[Source "ChessBase"]
[SourceDate "1997.09.26"]

1. e4 c5 2. Nf3 d6 3. d4 cxd4 4. Qxd4 Nc6 5. Bb5 Qd7 6. Bxc6 bxc6 7. c4 e5 8. Qd3 Nf6 9. Nc3 Be7 10. O-O Ba6 11. Rd1 Rd8 12. b3 O-O 13. Bg5 Rfe8 14. Bxf6 Bxf6 15. Qe3 Qe7 16. Rd2 g5 17. g4 h5 18. h3 hxg4 19. hxg4 Bc8 20. Nh2 Be6 21. f3 Qb7 22. Rad1 Be7 23. Nf1 Qb4 24. Kg2 f6 25. Ng3 Rd7 26. Rd3 Red8 27. Nf5 Bf8 28. Qd2 a5 29. Kg3 Qb7 30. Rh1 Rh7 31. Rxh7 Qxh7 32. Kg2 Rd7 33. Ne2 Bxf5 34. exf5 e4 35. fxe4 Qh4 36. Rh3 Qxg4+ 37. Ng3 Re7 38. Qd3 Re5 39. Qf3 Qxf3+ 40. Kxf3 d5 41. exd5 cxd5 42. Rh2 d4 43. Re2 Rxe2 44. Kxe2 Bd6 45. Ne4 Be5 46. a3 Kf7 47. b4 axb4 48. axb4 g4 49. Kd3 Ke7 50. c5 Kd7 51. b5 Kc7 52. Kc4 g3 53. Nxg3 Bxg3 54. Kxd4 Be5+ 55. Kd5 Bb2 56. Kc4 1/2-1/2

[Event "Lloret op"]
[Site "?"]
[Date "1997.??.??"]
[Round "3"]
[White "Guevara"]
[Black "Fluvia F"]
[Result "1/2-1/2"]
[WhiteElo "2260"]
[BlackElo "2235"]
[PlyCount "28"]
[EventDate "1997.??.??"]
[Source "www.chesslib.no"]
[SourceDate "2004.05.04"]

1. e4 c5 2. Nf3 d6 3. d4 cxd4 4. Qxd4 Nc6 5. Bb5 Qd7 6. Qd3 a6 7. Bxc6 Qxc6 8. Nc3 e6 9. Bf4 b5 10. a3 Bb7 11. Rd1 Nf6 12. Nd4 Qc4 13. Bg5 Qxd3 14. cxd3 Be7 1/2-1/2

[Event "Catania Open"]
[Site "Catania"]
[Date "1995.??.??"]
[Round "2"]
[White "Lanzani, Mario"]
[Black "Agnello, Giuseppe"]
[Result "1-0"]
[WhiteElo "2330"]
[BlackElo "2160"]
[PlyCount "47"]
[EventDate "1995.08.??"]
[Source "www.chesslib.no"]
[SourceDate "2004.05.04"]

1. e4 c5 2. Nf3 d6 3. d4 cxd4 4. Qxd4 Nc6 5. Bb5 Qd7 6. Bxc6 bxc6 7. c4 e5 8. Qd3 Be7 9. Nc3 Ba6 10. O-O Nf6 11. Bg5 Rd8 12. b3 O-O 13. Rad1 Qc7 14. Nh4 d5 15. exd5 cxd5 16. Nf5 dxc4 17. Qg3 Rxd1 18. Rxd1 Rd8 19. Rxd8+ Bxd8 20. Nxg7 Kh8 21. Bh6 e4 22. Bf4 Qd7 23. Be5 Qg4 24. Ne8 1-0

[Event "Budapest FS12 IM-A"]
[Site "Budapest"]
[Date "2001.12.01"]
[Round "1"]
[White "Erdelyi, Zombor"]
[Black "Varadi, Viktor"]
[Result "1-0"]
[WhiteElo "2242"]
[BlackElo "2248"]
[PlyCount "74"]
[EventDate "2001.12.01"]
[Source "ChessBase"]
[SourceDate "2002.01.21"]

1. e4 c5 2. Nf3 d6 3. d4 cxd4 4. Qxd4 Nc6 5. Bb5 Qd7 6. Bxc6 bxc6 7. c4 e5 8. Qd3 Nf6 9. Nc3 Be7 10. O-O O-O 11. Rd1 Qc7 12. h3 Bb7 13. Bg5 Rad8 14. Qe2 h6 15. Be3 Ba6 16. b4 d5 17. b5 cxb5 18. Nxd5 Nxd5 19. cxd5 Ba3 20. Qd3 Qd6 21. Nh4 b4 22. Qb3 Rc8 23. Nf5 Qf6 24. d6 Rc3 25. Qa4 Bd3 26. Ne7+ Kh8 27. Nd5 Bc2 28. Qxa7 Qg6 29. Nxc3 bxc3 30. Qxa3 Bxe4 31. g3 Qh5 32. Kh2 Bf5 33. Rh1 c2 34. Qb4 Qf3 35. Rhg1 Be4 36. d7 Kg8 37. Qxf8+ Kxf8 1-0

[Event "Budapest HUN"]
[Site "?"]
[Date "1998.??.??"]
[Round "?"]
[White "Biro Andras"]
[Black "Kovacs Janos"]
[Result "1-0"]
[WhiteElo "2265"]
[BlackElo "2220"]
[PlyCount "49"]
[EventDate "1998.??.??"]
[Source "www.chesslib.no"]
[SourceDate "2004.05.04"]

1. e4 c5 2. Nf3 d6 3. d4 cxd4 4. Qxd4 Nc6 5. Bb5 Qd7 6. Qd3 a6 7. Bxc6 Qxc6 8. Nc3 e5 9. O-O Be6 10. Rd1 h6 11. Nd2 Rc8 12. Nf1 Bc4 13. Qf3 Bxf1 14. Kxf1 Nf6 15. a4 Be7 16. a5 O-O 17. Rd3 Qd7 18. b3 Qe6 19. Qe2 Rfd8 20. Ba3 Bf8 21. Rad1 Rd7 22. Na4 Rcd8 23. c4 Ne8 24. Qd2 f5 25. Nc5 1-0

[Event "Reno USA"]
[Site "?"]
[Date "2005.03.19"]
[Round "3"]
[White "Stearns Aaron"]
[Black "Shivaji Shivkumar"]
[Result "1/2-1/2"]
[WhiteElo "2235"]
[BlackElo "2246"]
[PlyCount "81"]
[EventDate "2005.??.??"]
[Source "www.chesslib.no"]
[SourceDate "2004.05.04"]

1. e4 c5 2. Nf3 d6 3. d4 cxd4 4. Qxd4 Nc6 5. Bb5 Qd7 6. Bxc6 bxc6 7. c4 e5 8. Qe3 Nf6 9. O-O Be7 10. h3 O-O 11. b3 Qc7 12. c5 d5 13. exd5 Nxd5 14. Qe2 e4 15. Nd4 Bxc5 16. Qxe4 f5 17. Qh4 Be7 18. Bg5 Bxg5 19. Qxg5 c5 20. Nf3 Nf4 21. Re1 Rf6 22. Ne5 Ne6 23. Qc1 Bb7 24. Na3 Rd8 25. Nac4 Nd4 26. Qb2 f4 27. f3 Rf5 28. Rad1 Rg5 29. Rd3 Re8 30. Rxd4 cxd4 31. Qxd4 Rf8 32. Nd6 Ba8 33. Kh1 h6 34. Qd3 Qc5 35. Ndc4 Qf2 36. Re2 Qf1+ 37. Kh2 Re8 38. Nd2 Qa1 39. Qc4+ Kh7 40. Qd3+ Kg8 41. Qc4+ 1/2-1/2

[Event "Bled op"]
[Site "Bled"]
[Date "2001.03.30"]
[Round "7"]
[White "Meier, Volker"]
[Black "Kosir, Franci"]
[Result "1-0"]
[WhiteElo "2295"]
[BlackElo "2185"]
[PlyCount "49"]
[EventDate "2001.03.24"]
[Source "ChessBase"]
[SourceDate "2001.05.06"]

1. e4 c5 2. Nf3 d6 3. d4 cxd4 4. Qxd4 Nc6 5. Bb5 Qd7 6. Qd3 a6 7. Bxc6 Qxc6 8. c4 Nf6 9. Nc3 Bg4 10. Nd4 Qc7 11. b3 g6 12. Bb2 Bg7 13. O-O O-O 14. Rac1 Rac8 15. Nc2 Be6 16. Ne3 Bh6 17. f4 Qc5 18. Na4 Qc6 19. Bxf6 exf6 20. Nc3 f5 21. exf5 gxf5 22. Ncd5 Bxd5 23. Nxd5 Qc5+ 24. Kh1 Kh8 25. b4 1-0

[Event "Caorle Open"]
[Site "Caorle ITA"]
[Date "1984.??.??"]
[Round "8"]
[White "Messa, Roberto"]
[Black "Teyssou, Denis"]
[Result "1/2-1/2"]
[WhiteElo "2273"]
[BlackElo "2200"]
[PlyCount "84"]
[EventDate "1984.??.??"]
[Source "www.chesslib.no"]
[SourceDate "2004.05.04"]

1. e4 c5 2. Nf3 d6 3. d4 cxd4 4. Qxd4 Nc6 5. Bb5 Qd7 6. Qe3 a6 7. Ba4 Nf6 8. Nc3 e6 9. Qb6 Be7 10. Nd4 Bd8 11. Qxc6 bxc6 12. Bxc6 Ba5 13. f3 Bxc3+ 14. bxc3 e5 15. Bxd7+ Bxd7 16. Nb3 Rc8 17. Ba3 d5 18. O-O-O dxe4 19. Rhe1 h5 20. Nc5 Bc6 21. Nxa6 Nd7 22. fxe4 Bb5 23. Nc5 Nxc5 24. Rd5 Bc4 25. Rxc5 Rxc5 26. Bxc5 Bxa2 27. Kd2 Rh6 28. Ra1 Ra6 29. Ke3 g6 30. Rd1 Rc6 31. Bb4 f6 32. g3 f5 33. Ba5 Rc4 34. exf5 gxf5 35. Rd8+ Ke7 36. Rh8 Re4+ 37. Kd2 Bf7 38. Bd8+ Kd7 39. Bf6 Rg4 40. Bh4 f4 41. Rh7 Ke6 42. Rh6+ Rg6 1/2-1/2

[Event "Elista ol (Men)"]
[Site "Elista"]
[Date "1998.10.06"]
[Round "8"]
[White "Mora Manez, Julio"]
[Black "Saravanan, V."]
[Result "1-0"]
[WhiteElo "2080"]
[BlackElo "2390"]
[PlyCount "80"]
[EventDate "1998.09.29"]
[Source "www.chesslib.no"]
[SourceDate "2004.05.04"]

1. e4 c5 2. Nf3 d6 3. d4 cxd4 4. Qxd4 Nc6 5. Bb5 Qd7 6. Nc3 Nf6 7. Bg5 Nxd4 8. Nxd4 a6 9. Bxd7+ Bxd7 10. f3 Rc8 11. O-O-O e6 12. Kb1 Be7 13. h4 O-O 14. Nb3 Rfd8 15. Na5 Bc6 16. Rd3 h6 17. Be3 d5 18. exd5 Nxd5 19. Nxc6 bxc6 20. Nxd5 cxd5 21. Bd2 h5 22. g4 Kh7 23. gxh5 Bf6 24. Be3 Rc4 25. b3 Rxh4 26. Rxh4 Bxh4 27. c4 dxc4 28. Rxd8 Bxd8 29. bxc4 Bc7 30. Kc2 f5 31. Kd3 f4 32. Ba7 Kh6 33. c5 Kxh5 34. Bb6 Bb8 35. c6 Kh4 36. c7 Bxc7 37. Bxc7 Kg3 38. Ke4 g5 39. a4 Kh3 40. a5 g4 1-0

[Event "AUT-chT2S 9495"]
[Site "Austria"]
[Date "1995.??.??"]
[Round "9"]
[White "Starc, Christian"]
[Black "Vombek, Dani"]
[Result "1/2-1/2"]
[WhiteElo "2155"]
[BlackElo "2285"]
[PlyCount "91"]
[EventDate "1994.??.??"]
[Source "www.chesslib.no"]
[SourceDate "2004.05.04"]

1. e4 c5 2. Nf3 d6 3. d4 cxd4 4. Qxd4 Nc6 5. Bb5 Qd7 6. Bxc6 bxc6 7. O-O e5 8. Qa4 Nf6 9. Nc3 Be7 10. Bd2 O-O 11. Rad1 Qc7 12. Rfe1 h6 13. Bc1 Be6 14. Qa6 Rab8 15. b3 d5 16. Ba3 Rb4 17. Bxb4 Bxb4 18. exd5 cxd5 19. Nb5 Qxc2 20. Rc1 Qf5 21. Rxe5 Qf4 22. Rd1 Bg4 23. Nbd4 Bc8 24. Qb5 Bd6 25. Ree1 Ne4 26. Ne2 Qg4 27. Qxd5 Be6 28. Qd3 Bc5 29. Ned4 Bd5 30. Rf1 Ba8 31. Qc4 Bb6 32. h3 Qf4 33. Qc1 Qf6 34. b4 Rd8 35. Qa1 Qd6 36. b5 Nxf2 37. Rxf2 Bxf3 38. Rxf3 Bxd4+ 39. Rxd4 Qxd4+ 40. Qxd4 Rxd4 41. Ra3 Rd7 42. Ra6 Kf8 43. a4 Ke7 44. Kf2 Kd8 45. Ke3 Kc8 46. Rc6+ 1/2-1/2

[Event "RUS-ch U16"]
[Site "Kazan"]
[Date "1997.??.??"]
[Round "5"]
[White "Grischuk, Alexander"]
[Black "Kharitonov, Sergei"]
[Result "1-0"]
[WhiteElo "2340"]
[BlackElo "2090"]
[PlyCount "124"]
[EventDate "1997.??.??"]
[Source "www.chesslib.no"]
[SourceDate "2004.05.04"]

1. e4 c5 2. Nf3 d6 3. d4 cxd4 4. Qxd4 Nc6 5. Bb5 Qd7 6. Qd3 a6 7. Ba4 b5 8. Bb3 e6 9. a4 b4 10. a5 Qc7 11. O-O Nf6 12. Bf4 Be7 13. Nbd2 e5 14. Bg5 Nxa5 15. Bxf6 Bxf6 16. Nc4 Nxc4 17. Bxc4 O-O 18. Rfd1 Be7 19. Nd2 a5 20. Bd5 Ba6 21. Nc4 Rac8 22. b3 Bb5 23. Qd2 Bxc4 24. Bxc4 Qc5 25. Qd5 Ra8 26. Qxc5 dxc5 27. Rd7 Rfe8 28. Bd5 Ra6 29. Kf1 Kf8 30. Rb7 Rea8 31. Rb5 Rd8 32. Raxa5 Rxa5 33. Rxa5 Rc8 34. Ke2 Bd6 35. Kd3 Ke7 36. Kc4 g6 37. Ra6 Rc7 38. Bxf7 Rc8 39. Ra7+ Kf6 40. Bd5 h5 41. Rf7+ Kg5 42. h4+ Kh6 43. Be6 Rf8 44. Rxf8 Bxf8 45. Kd5 g5 46. Kxe5 Bg7+ 47. Kf5 g4 48. f3 gxf3 49. gxf3 Bf8 50. f4 Be7 51. e5 Bxh4 52. Ke4 Be7 53. f5 Kg5 54. f6 Bf8 55. Kd5 h4 56. Bh3 Kh6 57. Ke6 c4 58. bxc4 Bc5 59. Bf1 Bf8 60. Bd3 Kg5 61. Kf7 Kf4 62. Kxf8 h3 1-0

[Event "Torneo Fide VII <Sil"]
[Site "Torneo Fide VII <Sil"]
[Date "1995.??.??"]
[Round "?"]
[White "Pla, Silvio"]
[Black "Martin del Campo, Jorge"]
[Result "1/2-1/2"]
[WhiteElo "2245"]
[BlackElo "2180"]
[PlyCount "100"]
[EventDate "1995.??.??"]
[Source "www.chesslib.no"]
[SourceDate "2004.05.04"]

1. e4 c5 2. Nf3 d6 3. d4 cxd4 4. Qxd4 Nc6 5. Bb5 Qd7 6. Bxc6 bxc6 7. c4 Nf6 8. Nc3 g6 9. O-O Bg7 10. c5 O-O 11. cxd6 Nd5 12. Qc4 Nxc3 13. dxe7 Qxe7 14. bxc3 Be6 15. Qa4 Bxc3 16. Ba3 c5 17. Rac1 Bb4 18. Bb2 Rab8 19. Be5 Rb6 20. a3 Bg4 21. axb4 Bxf3 22. bxc5 Re6 23. Bg3 Bxe4 24. c6 Qe8 25. Qa3 Rxc6 26. Bd6 Rxd6 27. Qxd6 Qa8 28. f3 Rd8 29. Qf6 Bf5 30. Rfd1 Rb8 31. Rc7 Be6 32. Qd4 a6 33. Qa7 Qxa7+ 34. Rxa7 Rb6 35. Rd4 Rc6 36. Kf2 Kg7 37. Ke3 h5 38. h4 Kf6 39. Kf4 Rc2 40. g3 Ra2 41. Rd6 Ra4+ 42. Ke3 Ra3+ 43. Kf2 Ra2+ 44. Ke3 Ra3+ 45. Kf2 Ra2+ 46. Ke1 Ra3 47. Kf2 Ra2+ 48. Ke3 Ra3+ 49. Ke4 Ra4+ 50. Rd4 Ra2 1/2-1/2

[Event "Oslo Kringsja"]
[Site "Oslo"]
[Date "1976.??.??"]
[Round "1"]
[White "Semakoff, Aleks"]
[Black "Knudsen, Ole Scott"]
[Result "0-1"]
[WhiteElo "2200"]
[BlackElo "2200"]
[PlyCount "38"]
[EventDate "1976.01.??"]
[Source "ChessBase"]

1. e4 c5 2. Nf3 d6 3. d4 cxd4 4. Qxd4 Nc6 5. Bb5 Qd7 6. Qd3 g6 7. O-O Nf6 8. Nc3 Bg7 9. Re1 O-O 10. Nd5 e6 11. c3 exd5 12. exd5 Qc7 13. dxc6 bxc6 14. Ba4 d5 15. Be3 c5 16. Bc2 Rb8 17. Rab1 d4 18. cxd4 cxd4 19. Nxd4 Ng4 0-1

[Event "Oberliga Ost B9798"]
[Site "Germany"]
[Date "1998.??.??"]
[Round "?"]
[White "Oparaugo, Thomas"]
[Black "Sehrt, Juergen"]
[Result "0-1"]
[WhiteElo "2140"]
[BlackElo "2245"]
[PlyCount "102"]
[EventDate "1997.09.??"]
[Source "www.chesslib.no"]
[SourceDate "2004.05.04"]

1. e4 c5 2. Nf3 d6 3. d4 cxd4 4. Qxd4 Nc6 5. Bb5 Qd7 6. Bxc6 bxc6 7. c4 c5 8. Qd3 Bb7 9. Nc3 e6 10. Bf4 Rd8 11. O-O-O Be7 12. Rhe1 Nf6 13. h3 Qc6 14. g4 O-O 15. g5 Nh5 16. Bh2 a6 17. Qe2 g6 18. Kb1 Rd7 19. Rd3 Rfd8 20. Re3 Bf8 21. Nh4 Qb6 22. Rd1 Bg7 23. f4 Bd4 24. Red3 Qb4 25. Nf3 Bxc3 26. Rxc3 Bc6 27. Rb3 Qa5 28. Rbd3 Qb4 29. Rb3 Qa5 30. Rdd3 Qc7 31. f5 e5 32. f6 Rb8 33. Rxb8+ Qxb8 34. Rb3 Rb7 35. Rxb7 Qxb7 36. Nd2 Kf8 37. Qd3 Qd7 38. Qa3 Qb7 39. Bxe5 dxe5 40. Qxc5+ Ke8 41. Qxe5+ Kd8 42. Kc2 Qc7 43. Qd4+ Kc8 44. e5 Ng3 45. c5 Qd7 46. Qd6 Nf5 47. Nc4 Nxd6 48. Nb6+ Kc7 49. exd6+ Qxd6 50. cxd6+ Kxb6 51. Kc3 Kc5 0-1

[Event "Bad Zwischenahn(17.11.-27.11)"]
[Site "?"]
[Date "2003.11.27"]
[Round "9.5"]
[White "Gumilevskaja Galina"]
[Black "Saunina Ludmila"]
[Result "0-1"]
[WhiteElo "2083"]
[BlackElo "2278"]
[PlyCount "58"]
[EventDate "2003.??.??"]
[Source "www.chesslib.no"]
[SourceDate "2004.05.04"]

1. e4 c5 2. Nf3 d6 3. d4 cxd4 4. Qxd4 Nc6 5. Bb5 Qd7 6. Bxc6 Qxc6 7. Nc3 Bd7 8. Be3 h6 9. O-O-O e5 10. Qd3 Nf6 11. h3 b5 12. g4 b4 13. Nd5 Nxd5 14. exd5 Qb7 15. Rhg1 Rc8 16. Qe4 Qa6 17. Kb1 Be7 18. Nd2 g5 19. f4 gxf4 20. Bxf4 f5 21. Qxb4 exf4 22. Qd4 Rg8 23. gxf5 Rxg1 24. Rxg1 Bxf5 25. Rc1 Qe2 26. b3 Bxc2+ 27. Rxc2 Qd1+ 28. Kb2 Qxc2+ 29. Ka3 Rc5 0-1

[Event "Ch Kiev"]
[Site "Kiev (Ukraine)"]
[Date "2007.01.28"]
[Round "9"]
[White "Ianovsky Alexander (UKR)"]
[Black "Docenko Feodosi J (UKR)"]
[Result "1/2-1/2"]
[WhiteElo "2240"]
[BlackElo "2087"]
[PlyCount "89"]
[EventDate "2007.??.??"]
[Source "www.chesslib.no"]
[SourceDate "2004.05.04"]

1. e4 c5 2. Nf3 d6 3. d4 cxd4 4. Qxd4 Nc6 5. Bb5 Qd7 6. Qa4 a6 7. Nc3 Rb8 8. Be2 e6 9. Qc4 Nf6 10. Bg5 b5 11. Qd3 Bb7 12. O-O-O Qc7 13. Bxf6 gxf6 14. Nd4 Nxd4 15. Qxd4 Be7 16. f4 Rc8 17. f5 Qc5 18. Bg4 b4 19. Qxc5 Rxc5 20. Ne2 Bxe4 21. Nd4 e5 22. Bf3 Bxf3 23. Nxf3 d5 24. Rd2 O-O 25. Rhd1 d4 26. Re2 Rfc8 27. Ne1 Rc4 28. Kb1 a5 29. Nd3 Kf8 30. Nf2 a4 31. b3 axb3 32. axb3 R4c7 33. Kb2 Ra7 34. Ra1 Rxa1 35. Kxa1 Ke8 36. Kb2 Kd7 37. Ne4 Kc6 38. Kc1 Kd5 39. Kd2 Rg8 40. Kd3 Ra8 41. Re1 Ra6 42. g4 Bf8 43. h4 h6 44. Rh1 Be7 45. Rg1 1/2-1/2

[Event "Bayern-chI Bank Hofmann"]
[Site "Bad Wiessee"]
[Date "1997.11.21"]
[Round "7"]
[White "Oparaugo, Thomas"]
[Black "Hanisch, Pavel"]
[Result "0-1"]
[WhiteElo "2140"]
[BlackElo "2175"]
[PlyCount "94"]
[EventDate "1997.11.15"]
[Source "ChessBase"]
[SourceDate "1998.03.09"]

1. e4 c5 2. Nf3 d6 3. d4 cxd4 4. Qxd4 Nc6 5. Bb5 Qd7 6. Bxc6 bxc6 7. c4 e5 8. Qd3 Be7 9. Nc3 Nf6 10. O-O Qc7 11. h3 O-O 12. Rd1 Ba6 13. Bg5 Rad8 14. b3 Nh5 15. Be3 Bc8 16. g4 Nf4 17. Bxf4 exf4 18. Nd4 Bf6 19. Rac1 h5 20. gxh5 Bxd4 21. Qxd4 Qa5 22. Qd3 Qxh5 23. Kg2 Rfe8 24. Qf3 Qh4 25. Ne2 Re6 26. Kh2 Rh6 27. Nxf4 Bg4 28. Qg3 Bxd1 29. Rxd1 Qxg3+ 30. Kxg3 Re8 31. f3 Re5 32. Kh2 Rf6 33. Nd3 Ra5 34. Nc1 Rxf3 35. Rxd6 Rc3 36. Rd1 Rg5 37. Nd3 Rc2+ 38. Kh1 Rxa2 39. Nb4 Rb2 40. Nxc6 Rxb3 41. Kh2 Rb2+ 42. Kh1 Rc2 43. Rd4 Rg3 44. Ne7+ Kh7 45. e5 Rxh3+ 46. Kg1 g5 47. Nf5 Ra3 0-1

[Event "Europe (championnat jeunes)"]
[Site "?"]
[Date "2004.??.??"]
[Round "7.1"]
[White "Sjugirov Sanan"]
[Black "Bregadze Levan"]
[Result "1/2-1/2"]
[WhiteElo "2255"]
[BlackElo "2014"]
[PlyCount "118"]
[EventDate "2004.??.??"]
[Source "www.chesslib.no"]
[SourceDate "2004.05.04"]

1. e4 c5 2. Nf3 d6 3. d4 cxd4 4. Qxd4 Nc6 5. Bb5 Qd7 6. Bxc6 bxc6 7. c4 Nf6 8. Nc3 g6 9. b3 Bg7 10. Bb2 O-O 11. O-O Qc7 12. h3 Bb7 13. Rfe1 Rfd8 14. Rad1 Qa5 15. Qd2 Qc7 16. Rc1 Rac8 17. Na4 c5 18. Nc3 e6 19. Qe2 a6 20. Nd2 Nh5 21. Nf1 Qc6 22. Rcd1 Bd4 23. Na4 e5 24. Nc3 Nf4 25. Qd2 f5 26. Nd5 Nxd5 27. exd5 Qb6 28. Nh2 Bxb2 29. Qxb2 Qc7 30. f4 e4 31. Nf1 Rf8 32. Ne3 Qe7 33. Kh2 Rce8 34. a3 a5 35. Qc3 Qg7 36. Qxg7+ Kxg7 37. Rb1 g5 38. g3 gxf4 39. gxf4 Ra8 40. Rg1+ Kf6 41. Rg5 Bc8 42. Kg2 Rb8 43. Kf2 Bd7 44. Ke2 Rb7 45. Kd2 Rfb8 46. Kc3 Ba4 47. Rxf5+ Ke7 48. b4 axb4+ 49. axb4 Rxb4 50. Rxb4 cxb4+ 51. Kb2 Rg8 52. Rh5 Bd7 53. Rg5 Rxg5 54. fxg5 Bxh3 55. Kb3 Kf7 56. Kxb4 Kg6 57. c5 dxc5+ 58. Kxc5 Kxg5 59. Kd4 Kf4 1/2-1/2

[Event "Masters"]
[Site "Bunratty IRL"]
[Date "2008.02.23"]
[Round "4"]
[White "Wilson, A."]
[Black "Bjornsson, G."]
[Result "0-1"]
[WhiteElo "2070"]
[BlackElo "2149"]
[PlyCount "58"]
[EventDate "2008.02.22"]
[Source "www.chesslib.no"]
[SourceDate "2004.05.04"]

1. e4 c5 2. Nf3 d6 3. d4 cxd4 4. Qxd4 Nc6 5. Bb5 Qd7 6. Nc3 Nxd4 7. Bxd7+ Bxd7 8. Nxd4 g6 9. Be3 Nf6 10. f3 Bg7 11. Ndb5 Bxb5 12. Nxb5 Rc8 13. c3 a6 14. Nd4 O-O 15. O-O Nd7 16. Rfd1 Ne5 17. Bf2 Rfd8 18. Ne2 Rd7 19. a4 Nc4 20. Rab1 b5 21. b3 Na3 22. Ra1 b4 23. Ra2 Bxc3 24. Bd4 Bxd4+ 25. Nxd4 Rdc7 26. f4 Rc3 27. e5 dxe5 28. fxe5 Rd8 29. Rad2 Rd5 0-1

[Event "ARG-ch (Women)"]
[Site "?"]
[Date "2003.05.31"]
[Round "6"]
[White "Herrera Laura"]
[Black "Malajovich Sandra"]
[Result "1-0"]
[WhiteElo "2075"]
[BlackElo "2124"]
[PlyCount "47"]
[EventDate "2003.??.??"]
[Source "www.chesslib.no"]
[SourceDate "2004.05.04"]

1. e4 c5 2. Nf3 d6 3. d4 cxd4 4. Qxd4 Nc6 5. Bb5 Qd7 6. Bxc6 Qxc6 7. Nc3 e5 8. Qd3 Nf6 9. Bg5 Be7 10. Rd1 Be6 11. Bxf6 gxf6 12. Nd5 Rg8 13. g3 Rc8 14. Rd2 Qc4 15. Ne3 Qxd3 16. Rxd3 f5 17. exf5 Bxa2 18. Ra3 Bb1 19. Kd2 d5 20. Rxb1 Bxa3 21. bxa3 e4 22. Nd4 b6 23. Nxd5 Rd8 24. c4 1-0